000 00297nam a22001337a 4500
008 170419b xxu||||| |||| 00| 0 eng d
020 _a9780321676689
041 _aeng
080 _27TH
_a573
100 _a11
101 _aSHM
245 _aINVESTIGATING BIOLOGY
_cMORGAN, J.G
942 _2udc
_cBK
999 _c11297
_d11297